Posterior Thigh Muscles (Hamstrings) - Statistics

General Stats
  • This quiz has been taken 5 times
  • The average score is 4 of 16
Answer Stats
Hint Answer % Correct
Semitendinosus Origin Ischial tuberosity
100%
Semimembranosus Origin Ischial tuberosity
100%
Biceps femoris long head Origin Ischial tuberosity
67%
Biceps femoris long head Insertion Head of fibula
33%
Biceps femoris short head Origin Linea aspera
33%
Semitendinosus Innervation Tibial division of sciatic nerve
33%
Semimembranosus Innervation Tibial division of sciatic nerve
33%
Biceps femoris long head Innervation Tibial division of sciatic nerve
33%
Biceps femoris short head Innervation Common fibular division of sciatic nerve
0%
Biceps femoris short head Insertion ead of fibula
0%
Semitendinosus Action Extend thigh and flex leg
0%
Semimembranosus Action Extend thigh and flex leg
0%
Biceps femoris long head Action Extend thigh and flex leg
0%
Biceps femoris short head Action Flex leg
0%
Semitendinosus Insertion Medial surface of proximal tibia
0%
Semimembranosus Insertion Posterior surface of medial condyle of tibia
0%
No matching quizzes found
Score Distribution
Percent of People with Each Score
Percentile by Number Answered
Your Score History
You have not taken this quiz